Sampling statistics (E-Book) (Record no. 193201)

000 -LEADER
fixed length control field 00725 a2200253 4500
003 - CONTROL NUMBER IDENTIFIER
control field Nust
005 - DATE AND TIME OF LATEST TRANSACTION
control field 20170207154053.0
010 ## - LIBRARY OF CONGRESS CONTROL NUMBER
LC control number 2009008874
020 ## - INTERNATIONAL STANDARD BOOK NUMBER
International Standard Book Number 0470454601 (cloth)
020 ## - INTERNATIONAL STANDARD BOOK NUMBER
International Standard Book Number 9780470454602 (cloth)
035 ## - SYSTEM CONTROL NUMBER
System control number (OCoLC)ocn299695775
040 ## - CATALOGING SOURCE
Transcribing agency Nust
082 00 - DEWEY DECIMAL CLASSIFICATION NUMBER
Classification number 519.52
100 1# - MAIN ENTRY--PERSONAL NAME
Personal name Wayne A. Fuller.
245 10 - TITLE STATEMENT
Title Sampling statistics (E-Book)
Statement of responsibility, etc. Wayne A. Fuller.
260 ## - PUBLICATION, DISTRIBUTION, ETC.
Place of publication, distribution, etc. Hoboken, N.J. :
Name of publisher, distributor, etc. Wiley,
Date of publication, distribution, etc. c2009.
300 ## - PHYSICAL DESCRIPTION
Extent xvi, 454 p. ;
Dimensions 25 cm.
490 1# - SERIES STATEMENT
Series statement Wiley series in survey methodology
650 #0 - SUBJECT ADDED ENTRY--TOPICAL TERM
Topical term or geographic name entry element Estimation theory.
650 #0 - SUBJECT ADDED ENTRY--TOPICAL TERM
Topical term or geographic name entry element Mathematical statistics.
650 #0 - SUBJECT ADDED ENTRY--TOPICAL TERM
Topical term or geographic name entry element Sampling (Statistics)
651 ## - SUBJECT ADDED ENTRY--GEOGRAPHIC NAME
Geographic name Sampling statistics (E-Book)
830 #0 - SERIES ADDED ENTRY--UNIFORM TITLE
Uniform title Wiley series in survey methodology.
942 ## - ADDED ENTRY ELEMENTS (KOHA)
Source of classification or shelving scheme
Koha item type Book
Holdings
Withdrawn status Lost status Source of classification or shelving scheme Damaged status Not for loan Collection code Permanent Location Current Location Date acquired Total Checkouts Full call number Barcode Date last seen Price effective from Koha item type
            Military College of Signals (MCS) Military College of Signals (MCS) 12/12/2016   519.52 FUL MCSEB-2897 12/08/2016 12/12/2016 Book
© 2023 Central Library, National University of Sciences and Technology. All Rights Reserved.